| 000 | 00382nam a2200181Ia 4500 | ||
|---|---|---|---|
| 100 | _aAyala/Kenneth | ||
| 650 | _aMicrocontroller | ||
| 250 | _a3 | ||
| 942 | _cBK | ||
| 366 | _f27 | ||
| 654 | _amicrocontroller | ||
| 245 | _a8051 Microcontroller | ||
| 260 |
_bCengage Learning _c2005 |
||
| 082 |
_a4.16 _bAYA |
||
| 300 | _a412 | ||
| 546 |
_aENGLISH _cPAMPHALETS |
||
| 999 |
_c23779 _d23779 |
||